Представление документа в формате MARC21

Поле Инд. ПП Название Значение
Тип записи a
Библиографический уровень m
001 Контрольный номер RU/IS/BASE/125426381
005 Дата корректировки 20240429160826.3
040 b Код языка каталог. bel
041 0_ a Код языка текста bel
080 a Индекс УДК 821.161.3
084 a Индекс другой классификации/Индекс ББК 84(4Беи)
090 00 a Полочн. индекс 84(4Беи)
x Авторский знак М47
097 b Оператор 11
100 10 a Автор Мележ І. П.
245 00 a Заглавие Завеі, снежань
b Продолж. заглавия раман
260 00 a Место издания Мн.
b Издательство Мастацкая літаратура
c Дата издания 1992
300 00 a Объем 240 с.
510 0_ a Примечание о ссылках Книги и методические пособия
650 04 a Основная рубрика 17.82 Произведения художественной литературы
x Основная подрубрика 17.82.31 Романы, повести (крупные формы)
653 0_ a Ключевые слова раманы
901 t Тип документа m